COMUNICACION, MEDIOS Y CRISIS ECONOMICA (Registro nro. 56293)
[ vista simple ]
| 000 -LEADER | |
|---|---|
| fixed length control field | 01103nam a2200205 a 4500 |
| 001 - CONTROL NUMBER | |
| control field | 56293 |
| 005 - DATE AND TIME OF LATEST TRANSACTION | |
| control field | 20180714052002.0 |
| 008 - FIXED-LENGTH DATA ELEMENTS--GENERAL INFORMATION | |
| fixed length control field | 140415s2010 mx 000 0 spa d |
| 020 ## - INTERNATIONAL STANDARD BOOK NUMBER | |
| International Standard Book Number | 9786074871661 |
| 041 ## - LANGUAGE CODE | |
| Language code of text/sound track or separate title | spa |
| 082 ## - DEWEY DECIMAL CLASSIFICATION NUMBER | |
| Classification number | 302.23 |
| Item number | FUE |
| 245 00 - TITLE STATEMENT | |
| Title | COMUNICACION, MEDIOS Y CRISIS ECONOMICA |
| 250 ## - EDITION STATEMENT | |
| Edition statement | 1a ed. |
| 260 ## - PUBLICATION, DISTRIBUTION, ETC. | |
| Place of publication, distribution, etc. | MEXICO : |
| Name of publisher, distributor, etc. | BENEMERITA UNIVERSIDAD AUTONOMA DE PUEBLA, |
| Date of publication, distribution, etc. | 2010 |
| 300 ## - PHYSICAL DESCRIPTION | |
| Extent | 95 |
| Dimensions | 14 x 2.3 x 21.5 |
| 500 ## - GENERAL NOTE | |
| General note | RAUL FUENTES |
| 520 ## - SUMMARY, ETC. | |
| Summary, etc. | COMUNICACION, MEDIOS Y CRISIS ECONOMICA ES UNA EDICION PRODUCTO DE LA COLABORACION INSTITUCIONAL ENTRE BENEMERITA UNIVERSIDAD AUTONOMA DE PUEBLA Y LA ASOCICION MEXICANA DE INVESTIGADORES, ACADEMICOS Y ESTUDIANTES TIENEN SOBRE LOS FENOMENOS SOCIALES QUE AQUEJAN A LA HUMANIDAD. CONTRIBUYENDO CON PROPUESTAS Y ALTERNATIVAS DE SOLUCION A LAS PROBLEMATICAS ABORDADAS A LO LARGO DEL LIBRO. |
| 650 14 - SUBJECT ADDED ENTRY--TOPICAL TERM | |
| Topical term or geographic name entry element | MEDIOS DE COMUNICACION DE MASAS |
| General subdivision | MEDIOS DE COMUNICAION DE MASAS |
| -- | CRISIS ECONOMICA |
| 700 1# - ADDED ENTRY--PERSONAL NAME | |
| Personal name | FUENTES NAVARRO, RAUL -GONZALEZ REYNA, SUSANA -MILLAN CAMAPUZANO, MARCO ANTONIO -CARRERA PORTUGAL, ALBERTO |
| Relator term | coaut. |
| Withdrawn status | Lost status | Source of classification or shelving scheme | Damaged status | Not for loan | Collection code | Home library | Current library | Shelving location | Date acquired | Source of acquisition | Inventory number | Total Checkouts | Full call number | Barcode | Date last seen | Price effective from | Koha item type |
|---|---|---|---|---|---|---|---|---|---|---|---|---|---|---|---|---|---|
| Dewey Decimal Classification | General | Biblioteca Karol Wojtyla | Biblioteca Karol Wojtyla | Sala general | 03/12/2013 | Compra | 151000000000000000057516 | 302.23 FUE | 84887 | 05/01/2026 | 03/12/2013 | Libro |